000
00205 a2200097 4500
001
20665
100
_a
Mcloughlin, E V
245
_a
The book of knowledge
260
_a
_b
Grolier
_c
090
_c
14966
_d
14966
942
_a
NUST-CAE
_c
M
_c
5520
999
_c
255738
_d
255738